Teatro breve contemporáneo argentino ii : antología
Guardado en:
| Formato: | Libro |
|---|---|
| Publicado: |
Buenos Aires :
Colihue,
2013
|
| Series: | Colección literaria
|
| Materias: | |
| Etiquetas: |
Agregar Etiqueta
Sin Etiquetas, Sea el primero en etiquetar este registro!
|
| LEADER | 00841nam a22002295a 4500 | ||
|---|---|---|---|
| 001 | CEM.cems018153 | ||
| 005 | 20140312121721.0 | ||
| 008 | 130507s2013##################000#0#####d | ||
| 003 | CEMS | ||
| 020 | |a 9789876849685 | ||
| 082 | 0 | 4 | |a A862.4 |
| 245 | 0 | 0 | |a Teatro breve contemporáneo argentino ii : |b antología |
| 260 | |a Buenos Aires : |b Colihue, |c 2013 | ||
| 300 | |a 120 p. | ||
| 490 | 0 | |a Colección literaria | |
| 505 | 0 | |a Criaturas / Alberto Adellach -- ¿Problemas otra vez? / Patricio Esteve -- Decir sí / Griselda Gambaro -- La espera trágica / Eduardo Pavlovsky -- El gigante Amapolas / B. Alberdi | |
| 653 | |a Literatura | ||
| 653 | |a Literatura argentina | ||
| 653 | |a Teatro | ||
| 653 | |a Teatro argentino | ||
| 653 | |a Ministerio de educación-colección literaria | ||
| 859 | |a CEMS |b BIB. CEMS - Agricultura |h A862.4 |i T222-2 |p A2143.14 |t Ej.1 | ||
